Countries with the Highest GDP - Statistics

General Stats
  • This quiz has been taken 15 times
  • The average score is 13 of 15
Answer Stats
GDP per Capita Answer % Correct
$139,100 Liechtenstein
100%
$59,600 Switzerland
100%
$57,400 United States of America
100%
$115,700 Monaco
93%
$127,700 Qatar
93%
$104,000 Luxembourg
87%
$59,500 San Marino
87%
$87,900 Singapore
87%
$67,900 United Arab Emirates
87%
$69,200 Ireland
80%
$71,900 Kuwait
80%
$69,200 Norway
80%
$51,000 Netherlands
73%
$55,200 Saudi Arabia
73%
$76,900 Brunei
67%
No matching quizzes found
Score Distribution
Percent of People with Each Score
Percentile by Number Answered
Your Score History
You have not taken this quiz